Awaiting the rain : Early and Middle Holocene prehistory of Bargat El-Shab Playa on Western Desert of Egypt /

Saved in:

Main Authors: Bobrowski, Przemysław (Author), Jórdeczka, Maciej (Author), Iwaszczuk, Urszula (Author)

Other Authors: Kobusiewicz, Michal, author

Format: Book

Language: English
Polish

Published: Poznań ; Warszawa : Institute of Archaeology and Ethnology, Polish Academy of Sciences, 2021.

Subjects:

Tags: Add Tag

No Tags, Be the first to tag this record!

Call Number: GN865 .E3 B63 2021

LEADER 02678nam a22003377a 4500
003 OSt
005 20260504101714.0
008 251210s2021 pl abeo b 000 0 eng d
020 |a 9788366463479  
040 |c ARCE Library 
041 |a eng   |h pol  
043 |a f-ua---  
050 4 |a GN865 .E3 B63 2021 
100 1 |a Bobrowski, Przemysław,   |e author 
245 1 0 |a Awaiting the rain :   |b Early and Middle Holocene prehistory of Bargat El-Shab Playa on Western Desert of Egypt /   |c Przemysław Bobrowski, Maciej Jórdeczka & Michał Kobusiewicz ; with contributors Urszula Iwaszczuk [and six others] ; translation: Mark Ordon.  
246 3 0 |a Early and Middle Holocene prehistory of Bargat El-Shab Playa on Western Desert of Egypt. 
264 1 |a Poznań ;   |a Warszawa :   |b Institute of Archaeology and Ethnology, Polish Academy of Sciences,   |c 2021.  
300 |a 311 pages :   |b illustrations (some color), maps, plans, photographs ;  |c 30 cm. 
500 |a At head of title: Institute of Archaeology and Ethnology, Polish Academy of Sciences. 
504 |a Includes bibliographical references (pages 203-210) 
505 0 |a From the authors -- Introduction -- The Early Holocene archaeological evidence in Bargat El-Shab -- Middle Holocene : Neolithic and increasing social complexity during the Ru'at el Baquar and Bunat El Asnam humid interphases -- Radiocarbon chronology of Early and Middle Holocene occupation in the Bargat El Shab Area -- Summary -- Bibliography -- Appendix I. Geological, geomorphological and palaeoclimatological background of the Neolithic setttlement in the Bargat El-Shab playa basin / Fabian Welc -- Vegetation and plant economy of the Neolithic sites at Bargat El Shab, Egypt, reconstructed from charred plant remains / Maria Lityńska-Zając, Grzegorz Skrzyński -- Appendix III. Animal remains from Bargat El-Shab : meat consumption at the edge of the desert / Urszula Iwaszczuk -- Appendix IV. Bioarchaeological investigations of the human skeletal remains from Bargat El-Shab / Magdalena Srienc -- Appendix V. Bargat El Shab (Western Desert Egypt) during Middle and Late Pleistocene / Mirosław Masojć -- Appendix VI. Bargat El-Shab pottery, seasons 2018-2019.  
650 0 |a Excavations (Archaeology)   |z Egypt   |z Bargat el-Shab Playa Site.  
650 0 |a Antiquities, Prehistoric   |z Egypt.  
650 0 |a Hunting and gathering societies   |z Egypt   |z Bargat el-Shab Playa Site.  
651 0 |a Bargat El-Shab Playa Site (Egypt)   |x Antiquities.  
700 |a Jórdeczka, Maciej,   |e author 
700 |a Kobusiewicz, Michal,  |d author 
700 |a Iwaszczuk, Urszula,   |e  author 
901 |a reviewed 
942 |2 lcc  |c BK 
999 |c 61668  |d 61668